Top 50 NBA Players of 2018-2019 - Statistics

General Stats
  • This quiz has been taken 11,285 times
  • The average score is 42 of 50
Answer Stats
Position/Team # Answer % Correct
PF/Lakers 1 LeBron James
100%
SG/Rockets 5 James Harden
99%
SF/Warriors 2 Kevin Durant
99%
PG/Warriors 3 Stephen Curry
99%
C/Pelicans 4 Anthony Davis
98%
PG/Thunder 7 Russell Westbrook
98%
PG/Rockets 10 Chris Paul
95%
SF/Raptors 6 Kawhi Leonard
95%
SG/Warriors 15 Klay Thompson
94%
PG/Celtics 9 Kyrie Irving
94%
PF/Warriors 21 Draymond Green
93%
PF/Bucks 8 Giannis Antetokounmpo
93%
PG/Trailblazers 17 Damian Lillard
92%
PG/Wizards 13 John Wall
92%
SF/Thunder 12 Paul George
92%
C/76ers 14 Joel Embiid
91%
C/Timberwolves 19 Karl Anthony-Towns
91%
C/Nuggets 26 Nikola Jokic
91%
SG/Wizards 23 Bradley Beal
89%
SF/Celtics 37 Jayson Tatum
89%
C/Jazz 28 Rudy Gobert
87%
SG/Spurs 16 DeMar DeRozan
86%
PF/Cavaliers 27 Kevin Love
86%
PF/Pistons 24 Blake Griffin
85%
SG/Suns 43 Devin Booker
85%
PG/Hornets 35 Kemba Walker
85%
PG/Raptors 39 Kyle Lowry
85%
PG/76ers 29 Ben Simmons
84%
C/Warriors 18 DeMarcus Cousins
83%
SG/Jazz 38 Donovan Mitchell
82%
C/Pistons 22 Andre Drummond
81%
SG/Timberwolves 11 Jimmy Butler
81%
C/Thunder 41 Steven Adams
81%
C/Rockets 30 Clint Capela
80%
PG/Nuggets 50 Jamal Murray
79%
SG/Pacers 20 Victor Oladipo
79%
C/Celtics 32 Al Horford
78%
SG/Trailblazers 31 CJ McCollum
77%
SF/Bucks 46 Khris Middleton
77%
PG/Grizzlies 40 Mike Conley
77%
PF/Knicks 34 Kristaps Porzingis
74%
C/Grizzlies 48 Marc Gasol
74%
SF/Celtics 25 Gordon Hayward
73%
PF/Spurs 36 LaMarcus Aldridge
73%
SF/Lakers 44 Brandon Ingram
66%
C/Mavericks 33 DeAndre Jordan
63%
C/Wizards 42 Dwight Howard
60%
PF/Nuggets 47 Paul Millsap
53%
SF/Rockets 49 Carmelo Anthony
50%
PF/Clippers 45 Tobias Harris
48%
No matching quizzes found
Score Distribution
Percent of People with Each Score
Percentile by Number Answered
Your Score History
You have not taken this quiz